Ancient Rome - Pater Patriae - Statistics

General Stats
  • This quiz has been taken 16 times
  • The average score is 10 of 26
Answer Stats
YEAR ROMAN % Correct
2 BC Augustus
93%
45 BC Gaius Julius Caesar
93%
55 AD Nero
71%
307 AD Constantine I
64%
128 AD Hadrian
64%
753 BC Romulus
64%
98 AD Trajan
64%
37 AD Caligula
57%
42 AD Claudius
50%
284 AD Diocletian
43%
166 AD Marcus Aurelius and Lucius Verus
43%
63 BC Marcus Tullius Cicero
43%
199 AD Caracalla
29%
81 AD Domitian
29%
79 AD Titus
29%
139 AD Antoninus Pius
21%
177 AD Commodus
21%
96 AD Nerva
21%
218 AD Elagabalus
14%
238 AD Gordian III
14%
361 AD Julian
14%
386 BC Marcus Furius Camillus
14%
286 AD Maximian
14%
217 AD Macrinus
7%
193 AD Septimius Severus
7%
276 AD Probus
0%
No matching quizzes found
Score Distribution
Percent of People with Each Score
Percentile by Number Answered
Your Score History
You have not taken this quiz